Statistics for 100k+ Cities in Europe by Letter on a Map - C

Click here to take the quiz!

General Stats

  • This quiz has been taken 420 times
  • The average score is 17 of 34

Answers on the Map

Answers color-coded by a green-red scale on the quiz's map according to % correct below.
 

Answer Stats

PopulationCity% Correct
1.15MCopenhagen
94%
1.06MCologne
91%
447kCardiff
90%
190kCork
90%
636kChisinau
86%
149kCagliari
78%
291kCatania
74%
359kCoventry
72%
328kCordoba
71%
317kCluj-Napoca
69%
111kCaen
64%
200kCharleroi
63%
127kCadiz
62%
158kCambridge
61%
304kConstanta
61%
247kChemnitz
59%
107kCoimbra
52%
122kColchester
50%
139kClermont-Ferrand
47%
212kCartagena
42%
304kCraiova
36%
116kChelmsford
34%
116kCheltenham
32%
248kCzestochowa
32%
180kCastellon de la Plana
31%
113kChesterfield
31%
308kChernihiv
30%
181kCrawley
29%
298kCherkasy
25%
113kChorzow
25%
236kChernivtsi
24%
316kCherepovets
17%
117kCacak
12%
183kCergy-Pontoise
12%

Score Distribution

Percentile by Number Answered

Percent of People with Each Score

Your Score History

You have not taken this quiz